Документы делегатов XVI Всероссийского и VII Всесоюзного Съездов Советов с решающим голосом

Доступно только в Электронных читальных залах Найти на картеНа карте
RUSMARC
00004480nac2a22003013x 450
001d5a76107-d07b-4f21-8286-83aac2a0b4f4
00520210716173338.0
100##$a20210612l1935 k y0rusy50 ca
1010#$arus
102##$aRU
105##$ay z |||||
1220#$ad19350131
1220#$ad193501
2001#$aДокументы делегатов XVI Всероссийского и VII Всесоюзного Съездов Советов с решающим голосом
$jЯнварь 1935
215##$a232 листа
251##$cДело
300##$aЗаголовок дела на папке: Документы делегатов XVI Всероссийского и VII-го Всесоюзного Съездов Советов. С решающим голосом. Январь 1935 г.
300##$aЧасть текста машинописная и рукописная, часть - напечатана типографским способом
330##$aВходит в раздел описи: VII-й Съезд Советов
461#0$1001796d4672-8a00-4986-b488-6e42273792cc
$12001
$aЦЕНТРАЛЬНЫЙ ИСПОЛНИТЕЛЬНЫЙ КОМИТЕТ СССР (ЦИК СССР)
$1251
$cФонд
$1852
$j3316
$gР
462#0$10012246e4af-064a-4b66-b386-cae0ddb7fb2d
$12001
$aДела 7-го Съезда Советов и 1-й, 2-й, 3-й, 4-й Сессий 7-го созыва. 1935-1937 гг.
$vД. 47
$1251
$cОпись
$1852
$j7
5171#$aДокументы делегатов XVI Всероссийского и VII-го Всесоюзного Съездов Советов. С решающим голосом. Январь 1935 г.
60101$3RU\NLR\AUTH\880357276
$aСССР
$bЦИК
6011|$3RU\NLR\AUTH\661048804
$aСССР. Съезд советов 7-й
60101$3RU\NLR\AUTH\8810134311
$aРСФСР
$bСъезд Советов
$c16
801#0$aRU
$bGA_RF
801#1$aRU
$bГлавНИВЦ
$c20210612
$2rusmarc
801#2$aRU
$bПБ им. Б.Н. Ельцина
$c20210716
$gRCR
$2rusmarc
852##$aГА РФ
$j47
937##$d166288436
$hГАРФ
035##$aRuPRLIB51060512
856##$uhttp://readingroom.main.prlib.ru/item.aspx?id_node=n166288436&mode=full
Формат отображения